Central Library OPAC University of Rajshahi

Pakistan, its origin & relations with India / (Record no. 27203)

MARC details
000 -LEADER
fixed length control field 00962nam a2200289 a 4500
001 - CONTROL NUMBER
control field 27203
003 - CONTROL NUMBER IDENTIFIER
rucl marc code BD-RjUL
005 - DATE AND TIME OF LATEST TRANSACTION
control field 20211209051127.0
008 - FIXED-LENGTH DATA ELEMENTS--GENERAL INFORMATION
fixed length control field 140324s1988 ii b 001 0 eng
035 ## - SYSTEM CONTROL NUMBER
System control number (BD-RjUL)27275
040 ## - CATALOGING SOURCE
Original cataloging agency DLC
Transcribing agency DLC
Modifying agency DLC
-- BD-RjUL
Language of cataloging eng
041 ## - LANGUAGE CODE
Language code of text/sound track or separate title eng
082 00 - DEWEY DECIMAL CLASSIFICATION NUMBER
Classification number 327.5491054
Edition number 20
Author mark and year KUP 1988
100 1# - MAIN ENTRY--PERSONAL NAME
Personal name Kulkarni, V. B.
9 (RLIN) 83488
245 10 - TITLE STATEMENT
Title Pakistan, its origin & relations with India /
Statement of responsibility, etc. V.B. Kulkarni.
260 ## - PUBLICATION, DISTRIBUTION, ETC. (IMPRINT)
Place of publication, distribution, etc. New Delhi :
Name of publisher, distributor, etc. Sterling Publishers,
Date of publication, distribution, etc. c1988.
300 ## - PHYSICAL DESCRIPTION
Pagination xxxxix, 343 p. ;
Size 23 cm.
504 ## - BIBLIOGRAPHY, ETC. NOTE
Bibliography, etc Bibliography: p. [321]-331. and index.
651 #0 - SUBJECT ADDED ENTRY--GEOGRAPHIC NAME
Geographic name Pakistan
General subdivision Politics and government.
9 (RLIN) 83489
Geographic name Pakistan
General subdivision Foreign relations
Geographic subdivision India.
9 (RLIN) 83490
Geographic name India
General subdivision Foreign relations
Geographic subdivision Pakistan.
9 (RLIN) 83491
Geographic name India
General subdivision Foreign relations
Chronological subdivision 1947-1984.
9 (RLIN) 5867
942 ## - ADDED ENTRY ELEMENTS (KOHA)
Source of classification or shelving scheme Dewey Decimal Classification
Koha item type Books
Holdings
Lost status Source of classification or shelving scheme Damaged status Not for loan Collection code Permanent Location Current Location Shelving location Date acquired Source of acquisition Cost, normal purchase price Total Checkouts Full call number Date last seen Copy number Koha item type
  Dewey Decimal Classification   Added to bundle Non-fiction Central Library, University of Rajshahi Central Library, University of Rajshahi Reading Room 31/03/1990 Academic Pub., Dhaka 450.00   327.5491054 KUP 1988 24/03/2014 C-1 Books